[Event "POL-ChT2"]
[Site "Katowice POL"]
[Date "2010.09.10"]
[Round "7"]
[White "Staniszewski, Piotr"]
[Black "Rudolf, Michal"]
[Result "1-0"]
[WhiteElo "2404"]
[BlackElo "2372"]
[EventDate "2010.09.04"]
[PlyCount "139"]

1.d4 Nf6 2.c4 e6 3.Nf3 Bb4+ 4.Bd2 Qe7 5.g3 Nc6 6.Nc3 O-O 7.Bg2 Na5 8.b3 b6
9.O-O Bb7 10.Qc2 Rac8 11.a3 Bxc3 12.Bxc3 Be4 13.Qb2 Nb7 14.Rfe1 Rfd8 15.b4
Nd6 16.Qb3 b5 17.cxb5 Nxb5 18.Bb2 Rb8 19.Qe3 Nd6 20.Qc1 Nd5 21.Ne5 Bxg2 
22.Kxg2 f6 23.Nd3 f5 24.f3 Nb6 25.a4 Ndc4 26.Bc3 Rf8 27.Ra2 c6 28.e4 fxe4 
29.fxe4 Nd6 30.b5 cxb5 31.Bb4 Rbc8 32.Qd1 Rc4 33.e5 Rxb4 34.exd6 Qxd6 35.
Nxb4 Qxb4 36.axb5 Qxb5 37.Rxa7 Qb2+ 38.Re2 Qc3 39.Rf2 Nd5 40.Rxf8+ Kxf8 
41.Qf3+ Qxf3+ 42.Kxf3 Ke7 43.h4 h6 44.Rb7 Nf6 45.Rb5 Nd5 46.Rb8 Nf6 47.Rb5
Nd5 48.g4 Kf7 49.Rb8 Ke7 50.Rb7 Kd6 51.Ra7 Ke7 52.Rb7 Kd6 53.g5 hxg5 54.
hxg5 Ke7 55.Ke4 Nc3+ 56.Ke5 Nd5 57.Rb3 Nc7 58.Rf3 Ne8 59.d5 Nd6 60.dxe6 
dxe6 61.Rc3 Nf7+ 62.Kf4 Kd6 63.Rd3+ Ke7 64.Ra3 Nd6 65.Ra7+ Kf8 66.g6 Nf5 
67.Ke5 Ke8 68.Kxe6 Nd4+ 69.Kd5 Nf5 70.Ke5 1-0

[Event "POL-ChT2"]
[Site "Katowice POL"]
[Date "2010.09.10"]
[Round "7"]
[White "Warszawski, Bartosz"]
[Black "Janaszak, Dawid"]
[Result "1/2-1/2"]
[WhiteElo "2309"]
[BlackElo "2318"]
[EventDate "2010.09.04"]
[PlyCount "87"]

1.e4 c5 2.Nf3 Nc6 3.d4 cxd4 4.Nxd4 g6 5.Nc3 Bg7 6.Be3 Nf6 7.Be2 O-O 8.O-O 
d6 9.Nb3 Be6 10.f4 Na5 11.Nxa5 Qxa5 12.Bd4 Rfc8 13.a3 a6 14.f5 Bd7 15.Bd3 
Bc6 16.Kh1 Nd7 17.b4 Qc7 18.fxg6 hxg6 19.Bc4 Bf6 20.Qg4 Kg7 21.Rf3 Rh8 22.
Nd5 Bxd5 23.Bxd5 Raf8 24.Raf1 Ne5 25.Bxe5 dxe5 26.Qg3 Rd8 27.c3 b5 28.Qf2 
Rd6 29.Qa2 Rf8 30.Rh3 Rdd8 31.Rhf3 Rd6 32.c4 bxc4 33.Bxc4 Rc6 34.Bb3 Rc3 
35.h3 Rxf3 36.Rxf3 Qc1+ 37.Kh2 Rd8 38.Bd5 Rc8 39.Qf2 Rc2 40.Qf1 Qb2 41.Rb3
Qd4 42.Rd3 Qb6 43.Rf3 Rd2 44.Bb3 1/2-1/2

[Event "POL-ChT2"]
[Site "Katowice POL"]
[Date "2010.09.10"]
[Round "7"]
[White "Dudzinski, Piotr"]
[Black "Kaim, Piotr"]
[Result "0-1"]
[WhiteElo "2318"]
[BlackElo "2288"]
[EventDate "2010.09.04"]
[PlyCount "118"]

1.e4 c5 2.c3 e6 3.d4 d5 4.e5 Nc6 5.Nf3 Bd7 6.a3 f6 7.Bd3 Qc7 8.Bf4 c4 9.
Bc2 Qb6 10.b3 cxb3 11.Bxb3 g5 12.Be3 g4 13.Nh4 O-O-O 14.Nd2 fxe5 15.O-O 
exd4 16.cxd4 Be7 17.Qxg4 Nf6 18.Qe2 Nxd4 19.Qd3 e5 20.Bxd4 Qxd4 21.Qxd4 
exd4 22.Nhf3 Kb8 23.Nxd4 Bc5 24.N2f3 Rhe8 25.h3 Rg8 26.Kh1 Rg7 27.Rfe1 Ne4
28.Ra2 Rf8 29.Kh2 Nxf2 30.Rxf2 Bxd4 31.Rc2 Bb6 32.Bxd5 Bc7+ 33.Kh1 Bg3 34.
Re3 Bf4 35.Re1 Bg3 36.Re3 Re8 37.Rxe8+ Bxe8 38.Be6 Rc7 39.Bf5 Bg6 40.Nd4 
Rxc2 41.Bxc2 Bxc2 42.Nxc2 Kc7 43.Nd4 Kb6 44.Nf5 Be5 45.g4 Kb5 46.Kg2 Ka4 
47.Kf3 Kxa3 48.Ke4 Bh2 49.g5 b5 50.Nd4 b4 51.Nb5+ Ka2 52.h4 b3 53.h5 b2 
54.Nc3+ Kb3 55.Nb1 Bd6 56.Kd3 Bf4 57.g6 hxg6 58.hxg6 Bh6 59.Ke2 a5 0-1

[Event "POL-ChT2"]
[Site "Katowice POL"]
[Date "2010.09.10"]
[Round "7"]
[White "Rams, Michal"]
[Black "Dudzinski, Pawel"]
[Result "0-1"]
[WhiteElo "2281"]
[BlackElo "2275"]
[EventDate "2010.09.04"]
[PlyCount "106"]

1.e4 c6 2.d4 d5 3.Nc3 g6 4.h3 Bg7 5.Nf3 Nf6 6.e5 Ne4 7.Nxe4 dxe4 8.Ng5 c5 
9.d5 Bxe5 10.Nxe4 O-O 11.c3 Qc7 12.Bh6 Bg7 13.Bxg7 Kxg7 14.Qf3 Bf5 15.Ng3 
Qe5+ 16.Be2 Nd7 17.Nxf5+ Qxf5 18.Qxf5 gxf5 19.f4 Nb6 20.O-O-O Rad8 21.Bf3 
Rd7 22.Rhe1 Nc4 23.Re2 Rg8 24.g4 h6 25.Rde1 Kf6 26.b3 Nd6 27.Kc2 b5 28.Rg2
c4 29.Reg1 cxb3+ 30.axb3 Rc7 31.Kb2 Rgc8 32.Rc2 a5 33.g5+ hxg5 34.fxg5+ 
Kg7 35.Ra1 a4 36.bxa4 b4 37.Rac1 Nc4+ 38.Kb3 bxc3 39.Be2 Rb8+ 40.Kxc3 Na3+
41.Kd2 Rxc2+ 42.Rxc2 Nxc2 43.Kxc2 Kg6 44.h4 Rh8 45.h5+ Kxg5 46.a5 Rd8 47.
a6 Rxd5 48.Kc3 e5 49.Bc4 Rd7 50.Kb4 f4 51.Kc5 Rc7+ 52.Kd5 e4 53.Bb5 e3 0-1

[Event "POL-ChT2"]
[Site "Katowice POL"]
[Date "2010.09.10"]
[Round "7"]
[White "Wlodarczyk, Oskar"]
[Black "Chalupnik, Marcin"]
[Result "0-1"]
[WhiteElo "2318"]
[BlackElo "2247"]
[EventDate "2010.09.04"]
[PlyCount "76"]

1.e4 c5 2.Nf3 d6 3.d3 Nc6 4.g3 g6 5.Bg2 Bg7 6.c3 e5 7.O-O Nge7 8.Nbd2 O-O 
9.a3 h6 10.b4 Be6 11.Rb1 b6 12.Re1 Qd7 13.Bb2 Bh3 14.Bh1 f5 15.b5 Na5 16.
exf5 gxf5 17.d4 e4 18.Nh4 Qxb5 19.c4 Nxc4 20.Nxc4 Qxc4 21.dxc5 Qxc5 22.Rc1
Qd5 23.Ng6 Qxd1 24.Nxe7+ Kh7 25.Rexd1 Bxb2 26.Rc7 Rf7 27.Rxd6 Bxa3 28.Nxf5
Rxc7 29.Rxh6+ Kg8 30.Rxh3 Rc1+ 31.Kg2 Rd8 32.g4 Bc5 33.Rh5 Rd2 34.Rg5+ Kf8
35.Ng3 Rxf2+ 36.Kh3 e3 37.Bd5 e2 38.Nf5 Rc3+ 0-1

[Event "POL-ChT2"]
[Site "Katowice POL"]
[Date "2010.09.10"]
[Round "7"]
[White "Zajkowska, Olga"]
[Black "Magnucka, Milena"]
[Result "1/2-1/2"]
[WhiteElo "1819"]
[BlackElo "2061"]
[EventDate "2010.09.04"]
[PlyCount "67"]

1.d4 Nf6 2.c4 g6 3.Nc3 Bg7 4.e4 d6 5.f3 O-O 6.Bg5 c5 7.d5 e6 8.Nge2 h6 9.
Be3 exd5 10.cxd5 Bd7 11.Ng3 Na6 12.Bd3 Rc8 13.Qd2 c4 14.Bc2 h5 15.Nge2 Nc5
16.Nd4 a6 17.a4 b6 18.Bh6 Qe8 19.Bxg7 Kxg7 20.O-O b5 21.axb5 axb5 22.b4 
cxb3 23.Nxb3 Qe5 24.Nd4 Rb8 25.Rab1 Qe8 26.Bd3 b4 27.Nce2 Qd8 28.Bc4 Qb6 
29.Kh1 Rfc8 30.Rfc1 Ba4 31.Qb2 Bd7 32.Qd2 Ba4 33.Qb2 Bd7 34.Qd2 1/2-1/2

[Event "POL-ChT2"]
[Site "Katowice POL"]
[Date "2010.09.10"]
[Round "7"]
[White "Czyz, Artur"]
[Black "Orzech, Dominik"]
[Result "0-1"]
[WhiteElo "2088"]
[BlackElo "2422"]
[EventDate "2010.09.04"]
[PlyCount "70"]

1.d4 Nf6 2.Nf3 c5 3.e3 g6 4.Be2 Bg7 5.O-O O-O 6.b3 cxd4 7.exd4 Nc6 8.Bb2 
d5 9.Nbd2 b6 10.Re1 Bb7 11.Nf1 Rc8 12.Ng3 Qc7 13.c3 Rfd8 14.Bd3 e6 15.Qe2 
Ne7 16.Ne5 Nf5 17.Bxf5 exf5 18.f3 Re8 19.Qd2 Ba6 20.Nd3 f4 21.Rxe8+ Nxe8 
22.Ne2 g5 23.Re1 Nd6 24.Nb4 Bb7 25.Nc2 a5 26.a4 Qd7 27.Nc1 Ba6 28.Nd3 Qf5 
29.Nf2 h5 30.Ba3 Qg6 31.Re7 Bf8 32.Re5 f6 33.Rxd5 Re8 34.Ne1 Qb1 35.Bc1 
Re2 0-1

[Event "POL-ChT2"]
[Site "Katowice POL"]
[Date "2010.09.10"]
[Round "7"]
[White "Brodowski, Piotr"]
[Black "Kalvaitis, Sigitas"]
[Result "1/2-1/2"]
[WhiteElo "2413"]
[BlackElo "2316"]
[EventDate "2010.09.04"]
[PlyCount "36"]

1.c4 e6 2.Nc3 d5 3.d4 Nf6 4.Bg5 Be7 5.e3 O-O 6.cxd5 exd5 7.Bd3 Nbd7 8.Nge2
Re8 9.O-O c6 10.Qc2 Nf8 11.f3 Be6 12.Rad1 Ng6 13.Ng3 Rc8 14.Rfe1 Bd6 15.
Nh5 Be7 16.Ng3 Bd6 17.Nh5 Be7 18.Ng3 Bd6 1/2-1/2

[Event "POL-ChT2"]
[Site "Katowice POL"]
[Date "2010.09.10"]
[Round "7"]
[White "Piesik, Piotr"]
[Black "Zezulkin, Jurij"]
[Result "0-1"]
[WhiteElo "2237"]
[BlackElo "2437"]
[EventDate "2010.09.04"]
[PlyCount "102"]

1.Nf3 Nf6 2.g3 g6 3.Bg2 Bg7 4.O-O O-O 5.d4 d5 6.c4 Nc6 7.cxd5 Nxd5 8.e4 
Nb6 9.d5 Na5 10.Nc3 c6 11.Qd3 cxd5 12.Rd1 Bg4 13.Qb5 Nac4 14.Nxd5 Nd6 15.
Qe2 Nxd5 16.exd5 Qb6 17.Bf4 Rfe8 18.Be5 Bxe5 19.Qxe5 Rac8 20.Rac1 Nc4 21.
Qd4 Qxd4 22.Rxd4 Ne5 23.Rxc8 Rxc8 24.Ne1 Rc1 25.Re4 Nf3+ 26.Bxf3 Bxf3 27.
Rxe7 Bxd5 28.a3 Be6 29.Re8+ Kg7 30.Kf1 Rb1 31.b4 Ra1 32.Re7 Rxa3 33.Rxb7 
Bc4+ 34.Kg1 Ra1 35.Re7 Kf6 36.Re4 Bd5 37.Re3 Rb1 38.f4 Rxb4 39.Ra3 Rb1 40.
Kf2 Rb2+ 41.Kg1 Ra2 42.Rc3 a5 43.Nc2 a4 44.Nb4 Ra1+ 45.Kf2 Be6 46.Nc2 Rc1 
47.Ke3 Bb3 48.Rc6+ Kg7 49.Nd4 Rxc6 50.Nxc6 a3 51.Nd4 Ba4 0-1

[Event "POL-ChT2"]
[Site "Katowice POL"]
[Date "2010.09.10"]
[Round "7"]
[White "Oliwa, Marek"]
[Black "Swicarz, Maciej"]
[Result "1-0"]
[WhiteElo "2418"]
[BlackElo "2306"]
[EventDate "2010.09.04"]
[PlyCount "71"]

1.Nf3 d5 2.c4 c6 3.b3 Bg4 4.Bb2 e6 5.g3 Bxf3 6.exf3 Nf6 7.Bg2 Be7 8.O-O 
O-O 9.f4 Qb6 10.Qc2 d4 11.d3 a5 12.Nd2 Na6 13.a3 Rfd8 14.Nf3 Nc5 15.Nd2 
Na6 16.Rab1 Bc5 17.Rfe1 Qc7 18.Nf3 Qd6 19.Ra1 Qc7 20.Bc1 Qd6 21.Qb2 Bb6 
22.Bd2 c5 23.f5 exf5 24.Nh4 g6 25.Bxb7 Ra7 26.Bf3 Re8 27.Bf4 Qf8 28.Qd2 
Re6 29.Bh6 Qc8 30.Bd5 Rxe1+ 31.Rxe1 Rd7 32.Nxf5 Qd8 33.Bc6 Rc7 34.Qg5 Kh8 
35.Qxf6+ Qxf6 36.Re8# 1-0

[Event "POL-ChT2"]
[Site "Katowice POL"]
[Date "2010.09.10"]
[Round "7"]
[White "Cajbel, Maciej"]
[Black "Skalik, Przemyslaw"]
[Result "1/2-1/2"]
[WhiteElo "2221"]
[BlackElo "2369"]
[EventDate "2010.09.04"]
[PlyCount "69"]

1.e4 c6 2.d4 d5 3.Nc3 dxe4 4.Nxe4 Bf5 5.Ng3 Bg6 6.h4 h6 7.Nh3 e6 8.Nf4 Bh7
9.Bc4 Nf6 10.Nfh5 Nbd7 11.c3 Nxh5 12.Nxh5 Nf6 13.Bf4 Nxh5 14.Qxh5 Bd6 15.
Be5 Bxe5 16.Qxe5 O-O 17.Rh3 Qb8 18.O-O-O Qxe5 19.dxe5 Rfd8 20.Rxd8+ Rxd8 
21.Re3 h5 22.Re1 Kf8 23.g3 Ke7 24.Rd1 Rxd1+ 25.Kxd1 f6 26.Be2 Bg6 27.f4 f5
28.Bf3 Be8 29.b4 Kd7 30.Kc2 Kc7 31.Kb3 g6 32.a4 b6 33.a5 Bd7 34.axb6+ axb6
35.c4 1/2-1/2

[Event "POL-ChT2"]
[Site "Katowice POL"]
[Date "2010.09.10"]
[Round "7"]
[White "Michna, Marta"]
[Black "Hermanowicz, Dominika"]
[Result "1-0"]
[WhiteElo "2399"]
[BlackElo "2078"]
[EventDate "2010.09.04"]
[PlyCount "49"]

1.Nf3 d5 2.d3 c5 3.Nbd2 Nc6 4.e4 Nf6 5.g3 g6 6.Bg2 Bg7 7.O-O O-O 8.c3 e5 
9.a4 h6 10.exd5 Nxd5 11.Re1 Re8 12.Nc4 Bf5 13.a5 Qd7 14.Nh4 Be6 15.Qa4 
Rab8 16.Bd2 g5 17.Nf3 Bf5 18.Nfxe5 Nxe5 19.Qxd7 Nxd7 20.Bxd5 Bxd3 21.Nd6 
Rxe1+ 22.Rxe1 Bf8 23.Nxf7 Kg7 24.c4 Bf5 25.h4 1-0

[Event "POL-ChT2"]
[Site "Katowice POL"]
[Date "2010.09.10"]
[Round "7"]
[White "Gritsak, Orest"]
[Black "Talla, Vladimir"]
[Result "1-0"]
[WhiteElo "2521"]
[BlackElo "2456"]
[EventDate "2010.09.04"]
[PlyCount "67"]

1.e4 e5 2.Nf3 Nf6 3.Nxe5 d6 4.Nf3 Nxe4 5.d4 d5 6.Bd3 Bd6 7.O-O O-O 8.c4 c6
9.Re1 Re8 10.Nc3 Nxc3 11.bxc3 Rxe1+ 12.Qxe1 h6 13.Rb1 Nd7 14.Rb2 b6 15.
cxd5 cxd5 16.Re2 Qc7 17.Bd2 Nf8 18.h3 a5 19.Nh4 Ba6 20.Bxa6 Rxa6 21.Nf5 
Ra8 22.Re8 Rd8 23.Qe2 Kh7 24.Rxd8 Qxd8 25.Qf3 Ne6 26.Nxd6 Qxd6 27.Qxf7 Nd8
28.Qf5+ Kg8 29.Bf4 Qe6 30.Qb1 Qc6 31.h4 Nf7 32.Qe1 h5 33.Qe7 b5 34.g3 1-0

[Event "POL-ChT2"]
[Site "Katowice POL"]
[Date "2010.09.10"]
[Round "7"]
[White "Zawadzki, Stanislaw"]
[Black "Stoma, Pawel"]
[Result "1-0"]
[WhiteElo "2412"]
[BlackElo "2308"]
[EventDate "2010.09.04"]
[PlyCount "119"]

1.d4 c6 2.c4 d5 3.Nf3 Nf6 4.Nc3 a6 5.c5 Nbd7 6.Bf4 Nh5 7.Be3 Nhf6 8.h3 Qc7
9.g3 e5 10.dxe5 Nxe5 11.Nxe5 Qxe5 12.Bg2 Be7 13.Bd4 Qc7 14.O-O O-O 15.Qc2 
Re8 16.Rfe1 Be6 17.b4 Qd7 18.Kh2 Bf5 19.Qb2 Bd8 20.Rad1 Qe6 21.e3 h5 22.
Ne2 h4 23.g4 Bxg4 24.hxg4 Nxg4+ 25.Kg1 Qf5 26.Nf4 g5 27.Nh3 Bc7 28.f3 Ne5 
29.Qe2 Ng6 30.Qd3 Qxd3 31.Rxd3 Bg3 32.Red1 Ne5 33.Bxe5 Rxe5 34.Nf2 f5 35.
Nh1 Rae8 36.Nxg3 hxg3 37.e4 dxe4 38.fxe4 f4 39.Rd6 a5 40.a3 axb4 41.axb4 
Kf7 42.Bf3 Rb8 43.R1d4 Re7 44.Rh6 Kg8 45.Rhd6 Kg7 46.Bh5 Ra8 47.Rg6+ Kh7 
48.Rxg5 Ra1+ 49.Rd1 Rxd1+ 50.Bxd1 Kh6 51.Rh5+ Kg6 52.Rh4 Rd7 53.Bf3 Rd4 
54.Rxf4 Rxb4 55.Kg2 b6 56.cxb6 Rxb6 57.Rf5 Rb2+ 58.Kxg3 Rc2 59.Kf4 c5 60.
e5 1-0

[Event "POL-ChT2"]
[Site "Katowice POL"]
[Date "2010.09.10"]
[Round "7"]
[White "Ksieski, Zbigniew"]
[Black "Bulski, Krzysztof"]
[Result "0-1"]
[WhiteElo "2359"]
[BlackElo "2459"]
[EventDate "2010.09.04"]
[PlyCount "74"]

1.d4 d5 2.c4 c6 3.Nf3 Nf6 4.Nc3 dxc4 5.a4 Bf5 6.Ne5 Nbd7 7.Nxc4 Qc7 8.g3 
e5 9.dxe5 Nxe5 10.Bf4 Nfd7 11.Bg2 f6 12.Ne4 Bb4+ 13.Kf1 Be6 14.Rc1 O-O 15.
h4 Rad8 16.Qc2 h6 17.h5 Nb6 18.Ne3 Qf7 19.a5 Bb3 20.Qb1 Nbc4 21.a6 f5 22.
Nxc4 Nxc4 23.Nc3 Rd2 24.axb7 Qxb7 25.Kg1 Bxc3 26.bxc3 Na3 27.Bxc6 Qf7 28.
Qxb3 Qxb3 29.Bxd2 Nb1 30.Be3 Nxc3 31.Bf3 Re8 32.Kg2 a5 33.Rh4 Qb2 34.Re1 
a4 35.Rd4 a3 36.Bd5+ Nxd5 37.Rxd5 Qb7 0-1

[Event "POL-ChT2"]
[Site "Katowice POL"]
[Date "2010.09.10"]
[Round "7"]
[White "Pieniazek, Artur"]
[Black "Praszak, Michal"]
[Result "1-0"]
[WhiteElo "2374"]
[BlackElo "2215"]
[EventDate "2010.09.04"]
[PlyCount "164"]

1.d4 Nf6 2.c4 c5 3.d5 b5 4.cxb5 a6 5.bxa6 Bxa6 6.g3 g6 7.Bg2 d6 8.Nf3 Bg7 
9.Nc3 O-O 10.O-O Nbd7 11.Qc2 Qa5 12.Rd1 Rfb8 13.Rb1 Ne8 14.Bd2 Nc7 15.a4 
Qb6 16.b3 Bb7 17.Ng5 Nf6 18.Be1 h6 19.Nh3 Na6 20.Nb5 Bc8 21.Nf4 Bd7 22.Na3
Nb4 23.Bxb4 Qxb4 24.Nc4 Bf5 25.e4 Bc8 26.e5 Bf5 27.Nd3 Bxd3 28.Qxd3 Ne8 
29.e6 f5 30.g4 Nf6 31.gxf5 g5 32.a5 Nh5 33.f6 Nxf6 34.Qg6 Rf8 35.Ne3 Ng4 
36.Be4 Rf4 37.Nf5 Rxf5 38.Qxf5 Nf6 39.Bd3 Rxa5 40.Ra1 Ra3 41.Rxa3 Qxa3 42.
Qg6 Kh8 43.h3 Qa8 44.Bc2 Qe8 45.Qf5 Qa8 46.Kh2 Kg8 47.Bb1 Qa6 48.Rd2 Qa8 
49.f4 gxf4 50.Rg2 Qe8 51.Qxf4 Qf8 52.Qf5 Qe8 53.Ra2 Qh5 54.Ra8+ Bf8 55.
Qxh5 Nxh5 56.Be4 Nf6 57.Bf3 Kg7 58.Kg3 Nh7 59.h4 Nf6 60.Kf4 Ng8 61.Kf5 Nf6
62.Rb8 Nh7 63.Rc8 Nf6 64.Ra8 Nh7 65.Rb8 Nf6 66.h5 Nh7 67.Ra8 Ng5 68.Bg2 
Nh7 69.Rb8 Nf6 70.Bf3 Nh7 71.b4 cxb4 72.Rxb4 Ng5 73.Be4 Nh7 74.Rb1 Ng5 75.
Rg1 Kh7 76.Rxg5 hxg5 77.Kxg5+ Kg7 78.h6+ Kg8 79.Bd3 Kh8 80.Kg6 Kg8 81.h7+ 
Kh8 82.Kf7 Bg7 1-0

[Event "POL-ChT2"]
[Site "Katowice POL"]
[Date "2010.09.10"]
[Round "7"]
[White "Miroslaw, Michal"]
[Black "Dobrowolski, Aleksander"]
[Result "1-0"]
[WhiteElo "2291"]
[BlackElo "2328"]
[EventDate "2010.09.04"]
[PlyCount "131"]

1.e4 c5 2.Nf3 Nc6 3.d4 cxd4 4.Nxd4 g6 5.Nc3 Bg7 6.Be3 Nf6 7.Bc4 O-O 8.Bb3 
d6 9.f3 Qa5 10.Qd2 Nxd4 11.Bxd4 Be6 12.O-O Rfc8 13.Rad1 Bc4 14.Rf2 Rab8 
15.Qe3 Ra8 16.Bxc4 Rxc4 17.Bxf6 Bxf6 18.Nd5 Qxa2 19.Nxf6+ exf6 20.c3 Rc6 
21.Rfd2 Kg7 22.h4 Qe6 23.Rd5 Rb6 24.R1d2 Ra6 25.Qd4 Rc8 26.Rxd6 Rxd6 27.
Qxd6 Qxd6 28.Rxd6 Rc5 29.Rd7 Rb5 30.b4 a6 31.Kf2 h5 32.Ke3 Kf8 33.Kd4 Ke8 
34.Rd5 Rb6 35.g4 hxg4 36.fxg4 Rc6 37.c4 Ke7 38.h5 b6 39.Kc3 Rc8 40.Kb3 Ke6
41.c5 bxc5 42.Rxc5 Rh8 43.Ka4 gxh5 44.gxh5 Rd8 45.Ka5 Rb8 46.Rf5 Ke7 47.h6
Kf8 48.Rxf6 Rb5+ 49.Ka4 Re5 50.Rxa6 Kg8 51.Rf6 Rxe4 52.Ka5 Kf8 53.b5 Ke7 
54.Rf5 Rh4 55.b6 Rxh6 56.b7 Rh8 57.Rc5 Rb8 58.Kb6 Kd6 59.Rc8 Rxb7+ 60.Kxb7
f5 61.Rf8 Ke5 62.Kc6 f4 63.Kc5 Ke4 64.Kc4 Ke3 65.Kc3 f3 66.Re8+ 1-0

[Event "POL-ChT2"]
[Site "Katowice POL"]
[Date "2010.09.10"]
[Round "7"]
[White "Zmarzly, Aleksandra"]
[Black "Toma, Katarzyna"]
[Result "1-0"]
[WhiteElo "2063"]
[BlackElo "2245"]
[EventDate "2010.09.04"]
[PlyCount "95"]

1.e4 c5 2.Nf3 Nc6 3.Bb5 e6 4.Bxc6 bxc6 5.d3 Ne7 6.Qe2 Ng6 7.h4 Qc7 8.h5 
Nf4 9.Qf1 e5 10.Bxf4 exf4 11.Qe2 Be7 12.Nbd2 d5 13.c4 O-O 14.Nh2 Bf6 15.
Rb1 Re8 16.O-O Rb8 17.Nb3 Be7 18.Qf3 dxe4 19.dxe4 Be6 20.h6 g6 21.Qc3 f6 
22.Nf3 Rb4 23.Nbd2 Bd8 24.a3 Rb6 25.Nb3 Qe7 26.Rfd1 Bc7 27.Rd3 Bg4 28.Rbd1
Rb7 29.R1d2 Bxf3 30.Rd7 Bxe4 31.Rxe7 Rxe7 32.Qxf6 Rf7 33.Qc3 Bf5 34.Nxc5 
Rb8 35.Na6 Re8 36.Nxc7 Rxc7 37.Qd4 Rce7 38.Qxf4 Re1+ 39.Kh2 R1e4 40.Qg5 
Kf7 41.Rd6 Be6 42.f3 Rxc4 43.Kg3 Re7 44.Qe5 a5 45.Qg7+ Ke8 46.Qh8+ Kf7 47.
Qxh7+ Kf6 48.Qh8+ 1-0

[Event "POL-ChT2"]
[Site "Katowice POL"]
[Date "2010.09.11"]
[Round "8"]
[White "Zawadzki, Stanislaw"]
[Black "Shkapenko, Pavel"]
[Result "1/2-1/2"]
[WhiteElo "2412"]
[BlackElo "2426"]
[EventDate "2010.09.04"]
[PlyCount "61"]

1.g3 d5 2.Bg2 Nf6 3.Nf3 c6 4.O-O Bg4 5.Ne5 Bh5 6.d4 e6 7.c4 Nbd7 8.Nxd7 
Qxd7 9.Qc2 Bg6 10.Qb3 Rd8 11.Rd1 dxc4 12.Qxc4 e5 13.Be3 Nd5 14.Nc3 Bc2 15.
Nxd5 Bxd1 16.Nc3 Bc2 17.dxe5 Bf5 18.Bxa7 Qe6 19.Qf4 Be7 20.e4 Bh3 {8} 21.
Bxh3 Qxh3 {5} 22.Ne2 O-O 23.Nd4 g6 24.Qe3 Qd7 25.Bb6 Ra8 26.e6 Qd6 27.
exf7+ Rxf7 28.Nb3 Bf6 29.Qe2 Qb4 30.Bc5 Qb5 31.Qc2 1/2-1/2

[Event "POL-ChT2"]
[Site "Katowice POL"]
[Date "2010.09.11"]
[Round "8"]
[White "Pieniazek, Artur"]
[Black "Skalski, Michal"]
[Result "1/2-1/2"]
[WhiteElo "2374"]
[BlackElo "2447"]
[EventDate "2010.09.04"]
[PlyCount "41"]

1.d4 g6 2.c4 Bg7 3.Nf3 c5 4.d5 b5 5.cxb5 a6 6.bxa6 d6 7.g3 Nf6 8.Nc3 O-O 
9.Bg2 Bxa6 10.O-O Nbd7 11.Qc2 Qa5 12.Rd1 Rfb8 13.Rb1 Ng4 14.Bd2 Nge5 15.
Nxe5 Nxe5 16.b3 Qa3 17.Bc1 Qa5 18.Bd2 Qa3 19.Bc1 Qa5 20.Bd2 Qa3 21.Bc1 
1/2-1/2

[Event "POL-ChT2"]
[Site "Katowice POL"]
[Date "2010.09.11"]
[Round "8"]
[White "Kuzmicz, Krystian"]
[Black "Dobrowolski, Aleksander"]
[Result "1-0"]
[WhiteElo "2407"]
[BlackElo "2328"]
[EventDate "2010.09.04"]
[PlyCount "43"]

1.e4 c5 2.g3 d5 3.Nc3 dxe4 4.Nxe4 e6 5.Bg2 Be7 6.f4 Nf6 7.Nf2 O-O 8.Nf3 
Nc6 9.O-O Qc7 10.Re1 Bd6 11.Nd3 b6 12.b3 Bb7 13.Bb2 Nd5 14.Nh4 Ndb4 15.Nf2
Be7 16.a3 Nd5 {2} 17.Bxd5 exd5 {]} 18.Nf5 f6 {7} 19.Qg4 g6 {3} 20.Nxe7+ 
Nxe7 {]} 21.Qe6+ Rf7 {8} 22.Ng4 1-0

[Event "POL-ChT2"]
[Site "Katowice POL"]
[Date "2010.09.11"]
[Round "8"]
[White "Zmarzly, Aleksandra"]
[Black "Gasik, Anna"]
[Result "1/2-1/2"]
[WhiteElo "2063"]
[BlackElo "2203"]
[EventDate "2010.09.04"]
[PlyCount "59"]

1.e4 {8} 1...c6 {8} 2.d4 {8} 2...d5 3.exd5 cxd5 4.c4 Nf6 5.Nc3 e6 6.Nf3 
Be7 7.cxd5 Nxd5 8.Bd3 Nxc3 9.bxc3 O-O 10.O-O Nd7 11.Bc2 Qa5 12.Qd3 g6 13.
Re1 Bf6 14.Bd2 b6 15.Bb3 Bb7 16.Rad1 Qh5 17.Re3 Rfd8 18.Qf1 a5 19.Bc4 e5 
20.Bc1 e4 21.Nd2 Qf5 22.Rde1 Bg5 23.R3e2 Nf6 {]} 24.Ba3 Rdc8 {2} 25.Be7 b5
{0} 26.Bb3 Bxd2 27.Rxd2 Nh5 28.Bc5 Nf4 29.Bc2 Qg5 30.Rde2 1/2-1/2

[Event "POL-ChT2"]
[Site "Katowice POL"]
[Date "2010.09.11"]
[Round "8"]
[White "Markowski, Tomasz"]
[Black "Gritsak, Orest"]
[Result "1/2-1/2"]
[WhiteElo "2626"]
[BlackElo "2521"]
[EventDate "2010.09.04"]
[PlyCount "85"]

1.g3 {1} 1...e5 {1} 2.c4 {1} 2...c6 3.d4 e4 4.Nc3 d5 5.Nh3 h6 6.cxd5 cxd5 
7.Qb3 Nf6 8.Nf4 Nc6 9.e3 Na5 10.Bb5+ Bd7 11.Qa4 Nc6 12.Bd2 Rc8 13.O-O Bd6 
14.Nfxd5 Nxd5 15.Nxd5 a6 16.Bxc6 Bxc6 17.Qb3 Bxg3 18.fxg3 Bxd5 19.Qa3 f6 
20.Rac1 Kf7 21.Rxc8 Qxc8 22.Rc1 Qd7 23.Qa5 Bc6 24.Qh5+ g6 25.Qh4 g5 26.
Qh5+ Kg7 27.Rc5 Bb5 28.h4 b6 29.Rc1 Rc8 30.Rxc8 Qxc8 31.hxg5 hxg5 32.Bc3 
Qc4 33.Qd1 Qxa2 34.d5 Bd3 35.d6 Kg6 36.d7 Qd5 37.Qa4 Bb5 38.Qd4 Qxd7 39.
Qxf6+ Kh5 40.Kg2 Be2 41.Qh8+ Kg6 42.Qf6+ Kh5 43.Qh8+ 1/2-1/2

[Event "POL-ChT2"]
[Site "Katowice POL"]
[Date "2010.09.11"]
[Round "8"]
[White "Stoma, Pawel"]
[Black "Orzech, Dominik"]
[Result "1-0"]
[WhiteElo "2308"]
[BlackElo "2422"]
[EventDate "2010.09.04"]
[PlyCount "191"]

1.e4 {6} 1...e5 {6} 2.Nf3 {6} 2...Nc6 3.Bb5 a6 4.Ba4 Nf6 5.d3 b5 6.Bb3 Be7
7.a4 b4 8.a5 O-O 9.O-O d6 10.Nbd2 Re8 11.c3 Rb8 12.Re1 Bf8 13.Nf1 h6 14.
Ne3 g6 15.Bc4 Bg7 16.Qa4 Qd7 17.h3 bxc3 18.bxc3 Ne7 19.Qxd7 Nxd7 20.Ng4 g5
21.h4 Nc5 22.Ne3 gxh4 23.Nxh4 Be6 24.Bxe6 fxe6 25.Rd1 Nc6 26.Nc4 Kf7 27.
Be3 Nd7 28.Ra4 Rb5 29.Nf3 Reb8 30.Ncd2 Rb2 31.Rc4 Nxa5 32.Rxc7 R2b7 33.
Rxb7 Nxb7 34.Rb1 Nd8 35.Ra1 Ra8 36.Nc4 Ke7 37.Na5 d5 38.Bc1 Kd6 39.Nd2 Nc6
40.c4 Nxa5 41.Rxa5 d4 42.Nb3 Kc6 43.Bd2 Kb7 44.Ra1 Rb8 45.Bb4 Kc8 46.Ra4 
Bf6 47.g3 Bd8 48.Nd2 Bc7 49.Ba3 a5 50.c5 Rb5 51.Rc4 Nb8 52.Kg2 Nc6 53.Rc1 
Bd8 54.f4 exf4 55.gxf4 e5 56.Nc4 Rb3 57.Rd1 exf4 58.Bc1 Bg5 59.Kf3 Kd7 60.
Bxf4 a4 61.Bxg5 hxg5 62.e5 a3 63.Ke4 a2 64.Ra1 Rb5 65.Rxa2 Rxc5 66.Rg2 Ke6
67.Rxg5 Ke7 68.Nd2 Rb5 69.Nf3 Ra5 70.Rg7+ Kf8 71.Rc7 Rc5 72.Rd7 Ke8 73.Rd5
Rc1 74.Nxd4 Nb4 75.Rb5 Re1+ 76.Kf5 Nxd3 77.Rb8+ Ke7 78.Nc6+ Kd7 79.Rd8+ 
Kxc6 80.Rxd3 Rf1+ 81.Ke6 Rc1 82.Ke7 Rh1 83.Rd6+ Kc7 84.Rf6 Rh7+ 85.Rf7 Rh8
86.e6 Kc6 87.Rf6 Kc7 88.Rf7 Kc6 89.Rf6 Kc7 90.Rf2 Rh7+ 91.Kf8 Kd6 92.e7 
Rh8+ 93.Kg7 Re8 94.Kf6 Rh8 95.Rd2+ Kc7 96.Kg7 1-0

[Event "POL-ChT2"]
[Site "Katowice POL"]
[Date "2010.09.11"]
[Round "8"]
[White "Brodowski, Piotr"]
[Black "Ksieski, Zbigniew"]
[Result "1-0"]
[WhiteElo "2413"]
[BlackElo "2359"]
[EventDate "2010.09.04"]
[PlyCount "115"]

1.d4 {4} 1...Nf6 {4} 2.Bg5 {4} 2...e6 3.Nc3 h6 4.Bxf6 Qxf6 5.e4 Bb4 6.Nf3 
d6 7.Bd3 Nc6 8.O-O Bxc3 9.bxc3 O-O 10.Bb5 Bd7 11.c4 Rfd8 12.e5 dxe5 13.
Bxc6 Bxc6 14.Nxe5 Ba4 15.Rb1 Qf4 16.Rb4 Rxd4 17.Nd3 Rxd3 18.Qxd3 Bc6 19.
Rbb1 e5 20.Rfe1 Re8 21.Re3 h5 22.Rbe1 h4 23.Rh3 Qg5 24.Qf1 Re6 {5} 25.Rhe3
Qf5 26.Qd3 Qg5 27.Qf1 Qf5 28.f3 Qxc2 29.Rxe5 Rxe5 30.Rxe5 Qxa2 31.Qd1 f6 
32.Qd8+ Kf7 33.Re7+ Kg6 34.Qd3+ Kh6 35.h3 Qa1+ 36.Kh2 Qc1 37.Re3 a5 38.Qd4
Kg6 39.Qg4+ Kf7 40.Qf4 Kg6 41.Qg4+ Kf7 42.Qh5+ Kf8 43.Qh8+ Kf7 44.Qh5+ Kf8
45.Qc5+ Kg8 46.Qd4 a4 47.Qf4 Qb2 48.Qxc7 Qc2 49.Qc8+ Kf7 50.Qe6+ Kf8 51.
Qg4 Qf2 52.Qc8+ Kf7 53.Qc7+ Kf8 54.Qd8+ Kf7 55.Re7+ Kg6 56.Qc7 a3 57.Rxg7+
Kf5 58.Qa5+ 1-0

[Event "POL-ChT2"]
[Site "Katowice POL"]
[Date "2010.09.11"]
[Round "8"]
[White "Praszak, Michal"]
[Black "Zezulkin, Jurij"]
[Result "0-1"]
[WhiteElo "2215"]
[BlackElo "2437"]
[EventDate "2010.09.04"]
[PlyCount "121"]

1.d4 {7} 1...Nf6 {7} 2.Nc3 {7} 2...d5 3.Bg5 g6 4.Nf3 Bg7 5.e3 O-O 6.Be2 c5
7.O-O Ne4 8.Nxe4 dxe4 9.Nd2 h6 10.Bh4 cxd4 11.exd4 g5 12.Bg3 Qxd4 13.c3 
Qb6 14.h4 Bf5 15.hxg5 {]} 15...hxg5 16.Nc4 Qg6 17.Qd5 {0} 17...Nc6 18.Ne3 
{8} 18...Be6 19.Qb5 {0} 19...Rac8 20.Qxb7 {]} 20...f5 21.Bc7 {0} 21...Nd8 
22.Bxd8 {4} 22...Rfxd8 23.Rfd1 {2} 23...Qf7 24.Qa6 {5} 24...f4 25.Bg4 {]} 
25...Bxg4 26.Nxg4 {0} 26...Qf5 27.Qe2 f3 28.gxf3 Rxd1+ 29.Qxd1 exf3 30.Ne3
Qf4 31.Qd5+ Kh8 32.Qe6 Rf8 33.Qh3+ Kg8 34.Re1 Qe4 35.Rd1 Bf6 36.Qd7 Kg7 
37.Nf5+ Kg6 38.Ng3 Qc2 39.Qd3+ Qxd3 40.Rxd3 Be5 41.Nf1 g4 42.Rd7 e6 43.Ne3
Bf4 44.Nxg4 Rg8 45.Ne3 Kf6+ 46.Kf1 Bxe3 47.fxe3 Rg2 48.Rxa7 Rxb2 49.c4 Kf5
50.c5 Rc2 51.c6 Ke4 52.c7 Kxe3 53.Ra3+ Kf4 54.Ke1 Kg3 55.Re3 Rxc7 56.Kd2 
Rc6 57.a4 Rd6+ 58.Kc2 Kf4 59.Re1 f2 60.Ra1 Kg3 61.Rb1 0-1